000 00403nam a2200145Ia 4500
008 151213s9999 xx 000 0 und d
100 _aEd. Richard B. Sewall
245 _aEmily Dickinson
_cEd. Richard B. Sewall
260 _aU S A
_bPrentic Hall. Inc. Englewood . Ehihs N. J.
_c1963
300 _a3515 p.
650 _aEnglish
650 _aEnglish
700 _aEd. Richard B. Sewall
999 _c2323
_d2323